|
|
|
|
| LEADER |
00000nam a2200000 a 4500 |
| 001 |
vtls010314326 |
| 003 |
SK-MaSNL |
| 005 |
20260331205639.0 |
| 008 |
150827s2011 xo oa 000 0 hun |
| 015 |
|
|
|a SNBA2012/01-00542
|
| 020 |
|
|
|a 9788097075163 (viaz.)
|
| 035 |
|
|
|a 0B670B76-CE44-4BA3-B31D-049ECBEA3575
|
| 035 |
|
|
|a urn:nbn:sk:snk-amjiq1
|
| 035 |
|
|
|a urn:nbn:sk:snk-am001zcl
|
| 040 |
|
|
|a SNK
|b slo
|c SNK
|e AACR2
|
| 041 |
0 |
|
|a hun
|b slo
|
| 043 |
|
|
|a e-xo---
|
| 044 |
|
|
|a xo
|c SK
|
| 072 |
|
7 |
|a 72
|x Architektúra
|2 konspekt
|
| 080 |
|
|
|a 726
|2 2001
|
| 080 |
|
|
|a 27-5
|2 1981
|
| 080 |
|
|
|a 7.046.3
|2 2001
|
| 080 |
|
|
|a (437.6)
|2 2001
|
| 080 |
|
|
|a (048.8)
|2 2001
|
| 100 |
1 |
|
|a Csáky, Károly,
|d 1950-
|4 pht
|9 99675
|
| 245 |
1 |
0 |
|a Nagycsalomja, a középkori egyházashely és a százéves Magyarok Nagyasszonya temploma
|c Csáky Károly
|
| 246 |
3 |
1 |
|a Veľká Čalomija - stredoveká cirkevná usadlosť a storočný kostol Panny Márie, kraľovnej Uhorska
|
| 250 |
|
|
|a 1. kiad.
|
| 260 |
|
|
|a Nagycsalomja
|b Római Katolikus Plébániahivatal
|c 2011
|
| 300 |
|
|
|a 175 s.
|b fotogr., ilustr.
|c 21 cm
|
| 366 |
|
|
|e 1000 výt.
|
| 504 |
|
|
|a Bibliogrs. 151-155
|
| 546 |
|
|
|a Res. slov.
|
| 610 |
2 |
7 |
|a Kostol Panny Márie, kráľovnej Uhorska (Veľká Čalomija, Slovensko)
|2 SNKKA
|9 328728
|
| 650 |
0 |
7 |
|a sakrálne stavby
|2 SNKPH
|9 3019
|
| 650 |
0 |
7 |
|a sakrálna architektúra
|2 SNKPH
|9 729
|
| 650 |
0 |
7 |
|a náboženský kult
|2 SNKPH
|9 79303
|
| 650 |
0 |
7 |
|a sakrálne umenie
|2 SNKPH
|9 1064
|
| 650 |
0 |
7 |
|a Sacred buidings
|2 SNKPHeng
|9 327095
|
| 650 |
0 |
7 |
|a Sacred architecture
|2 SNKPHeng
|9 296725
|
| 650 |
0 |
7 |
|a Cultic acts
|2 SNKPHeng
|9 328729
|
| 650 |
0 |
7 |
|a Sacred art
|2 SNKPHeng
|9 328730
|
| 651 |
|
7 |
|a Veľká Čalomija (Slovensko)
|2 SNKPH
|9 108514
|
| 651 |
|
7 |
|a Veľká Čalomija (Slovakia)
|2 SNKPHeng
|9 326408
|
| 655 |
|
7 |
|a monografie
|2 SNKPH
|9 70139
|
| 655 |
|
7 |
|a Monographs
|2 SNKPHeng
|9 120675
|
| 752 |
|
|
|a Slovensko
|d Veľká Čalomija
|
| 852 |
|
|
|a Štátna vedecká knižnica v Banskej Bystrici
|
| 919 |
|
|
|a 978-80-970751-6-3
|
| 958 |
|
|
|a NB
|
| 958 |
|
|
|a NT
|
| 958 |
|
|
|a HU
|
| 958 |
|
|
|a NM
|
| 958 |
|
|
|a OND
|
| 968 |
|
|
|d 71/72
|
| 999 |
|
|
|c 577786
|d 579716
|
| 952 |
|
|
|a SNK
|b SNK
|y PREZ
|7 0
|p 17A0718762
|o snkSC 146903
|i snk2011/20304
|8 0
|0 0
|1 0
|4 0
|d 2011-09-30
|l 0
|r 2025-07-16 00:00:00
|w 2026-02-23
|
| 952 |
|
|
|a SNK
|b SNK
|y VYP
|7 0
|p 17A0718761
|o snkSC 146903 D1
|i snk2011/20305
|8 0
|0 0
|1 0
|4 0
|d 2011-09-30
|f 1
|l 0
|r 2026-02-23 14:39:12
|w 2026-02-23
|